| 000 | 00497nam a2200145Ia 4500 | ||
|---|---|---|---|
| 008 | 230917s9999||||xx |||||||||||||| ||und|| | ||
| 040 |
_e183423 _aMAIN |
||
| 041 | _aEnglish | ||
| 082 | _a327.42 D659B:D(11) | ||
| 100 | _aButler, Rohan, ed. | ||
| 245 | 0 | _aDocuments on British foreign policy 1919-1939- First series. V11 - Upper Silesia, Poland, and the Baltic states. January 1920-March 1921 | |
| 260 |
_aLondon _bHer Majesty's Stationery Office _c1974 |
||
| 300 | _alxxvi, 748 p. | ||
| 942 | _cBK | ||
| 999 |
_c229462 _d229462 |
||